000 00934nam a2200277 a 4500
001 42478
003 BD-RjUL
005 20211209053540.0
008 160613s1953 nyu b 001 0 engm
035 _a(BD-RjUL)42596
040 _aDLC
_cWSU
_dOCL
_dm.c.
_dSER
_dMYG
_dBD-RjUL
_beng
041 _aeng
082 _223
_a338.91
_bDAP 1963
090 _aHD82
_b.D131
099 _aHD82.D131
100 1 _aDahl, Robert A.
_d1915-2014.
_9116589
245 1 0 _aPolitics, economics, and welfare :
_bplanning and politico-economic systems resolved into basic social processes /
_cby Robert A. Dahl and Charles E. Lindblom.
260 _aNew York :
_bHarper,
_cc1953 [reprint 1963]
300 _axxvi, 556 p. ;
_c25 cm.
500 _aInclude index
504 _aBibliographical footnotes.
650 0 _aEconomic policy.
_9130660
650 0 _aPolitical science.
_9130661
700 1 _aLindblom, Charles Edward,
_9125459
942 _2ddc
_cBK
999 _c42478
_d42478